000 00533cam a2200181 i 4500
001 17974080
005 20250726100707.0
008 131217s2014 ilu b 000 0 eng
020 _a9780830824786
_qhardcover : alk. paper
050 0 0 _aBS2341.52
_b.K44 2014
082 0 0 _a225.7
_223
100 1 _aKeener, Craig S.,
_d1960-
245 1 4 _aThe IVP Bible background commentary :
_bNew Testament /
_cCraig S. Keener.
250 _aSecond Edition.
300 _a816 pages ;
_c24 cm
710 2 _aInterVarsity Press.
942 _2lcc
_cBK
_n0
999 _c7186
_d7186